000 00839nam a2200253 i 4500
001 61656
003 ES-MaACL
005 20230906164519.0
007 t|
008 031113s1977 sp |||| | spa d
020 _a84-265-5311-7
080 _a1 Feuerbach, Ludwig
100 1 _aFabro, Cornelio.
_948578
245 1 0 _aLudwig Faverbach :
_bla esencia del cristianismo /
_cCornelio Fabro ; [traducción de Pedro Rojas Melero].
260 _a[Madrid] :
_bEmesa [Magisterio Español],
_c[1977]
300 _a244 p. ;
_c19 cm.
490 1 _aCrítica filosófica ;
_v12
504 _aBibliografía: p. 233-238.
600 1 4 _aFeuerbach, Ludwig-
_xCrítica e interpretación.
_950635
700 1 _aRojas Melero, Pedro.
_999075
830 1 _aCrítica filosófica ;
_v12
_9181774
852 _aES-MaACL
_jA-8112
999 _c61656
_d61656